|
|
|
|
| LEADER |
01287nam a2200313 a 4500 |
| 001 |
33444 |
| 003 |
BD-DhAAL |
| 005 |
20180718125615.0 |
| 008 |
180718t2005 nyua 001 0 eng |
| 999 |
|
|
|c 39462
|d 39462
|
| 010 |
|
|
|a 2004053199
|
| 020 |
|
|
|a 0393925161 (pbk.)
|
| 020 |
|
|
|a 9780393925166
|
| 040 |
|
|
|a DLC
|c DLC
|d DLC
|d BD-DhAAL
|
| 050 |
0 |
0 |
|a QA433
|b .S28 2005
|
| 082 |
0 |
0 |
|a 515.63
|2 22
|
| 100 |
1 |
|
|a Schey, H. M.
|q (Harry Moritz),
|d 1930-
|9 27520
|
| 245 |
1 |
0 |
|a Div, grad, curl, and all that :
|b an informal text on vector calculus /
|c H.M. Schey
|
| 250 |
|
|
|a 4th edition
|
| 260 |
|
|
|a New York :
|b W.W. Norton,
|c c2005.
|
| 300 |
|
|
|a viii, 163 pages :
|b illustrations ;
|c 24 cm.
|
| 500 |
|
|
|a Includes index.
|
| 526 |
|
|
|a MNS
|
| 541 |
|
|
|a Trim Education
|e 33443, 33444
|
| 650 |
|
0 |
|a Vector analysis.
|9 27521
|
| 852 |
|
|
|a Ayesha Abed Library
|c General Stacks
|
| 942 |
|
|
|2 ddc
|c BK
|
| 952 |
|
|
|0 0
|1 0
|2 ddc
|4 0
|6 515_630000000000000_SCH
|7 0
|9 63660
|a BRACUL
|b BRACUL
|c GEN
|d 2018-07-10
|e Trim Education
|g 4525.00
|l 9
|m 95
|o 515.63 SCH
|p 3010033444
|r 2026-05-15
|s 2025-10-21
|t 2
|v 4525.00
|w 2018-07-10
|y BK
|
| 952 |
|
|
|0 0
|1 0
|2 ddc
|4 0
|6 515_630000000000000_SCH
|7 0
|9 63661
|a BRACUL
|b BRACUL
|c GEN
|d 2018-07-10
|e Trim Education
|g 4525.00
|l 3
|m 25
|o 515.63 SCH
|p 3010033443
|r 2026-04-26
|s 2026-04-12
|t 1
|v 4525.00
|w 2018-07-10
|y BK
|